Normal view MARC view

Entry Topical Term

Number of records used in: 1

001 - CONTROL NUMBER

  • control field: 9475

003 - CONTROL NUMBER IDENTIFIER

  • control field: OSt

005 - DATE AND TIME OF LATEST TRANSACTION

  • control field: 20160617144532.0

008 - FIXED-LENGTH DATA ELEMENTS

  • fixed length control field: 160617|| aca||aabn | a|a d

040 ## - CATALOGING SOURCE

  • Original cataloging agency: OSt
  • Transcribing agency: OSt

150 ## - HEADING--TOPICAL TERM

  • Topical term or geographic name entry element: Spine, pelvic, head

670 ## - SOURCE DATA FOUND

  • Source citation: Work cat.: (OSt): Kapandji, A. I. 9474, The Physiology of the Joints: the spinal column, pelvin girdle and head